00329pam a2200121 a 4500020000500000041000500005082001000010100004700020245006200067250001400129260005200143300001200195 c h a658.4 aSLOCUM (John W.)/ HELLRIEGEL (Don)eauthor aFundamentals of Organizational BehaviorhTextual Document a4th Rep.  bCengage Learning India Pvt. Ltd New Delhic2009 avi, 478